000 00499nam a2200157Ia 4500
008 210716s2005 xx 000 0 und d
020 _a8181475348
041 _aeng
082 _a004.22 HENJ
100 _aHennessy, John L;Patterson, David A.
245 _aComputer organization and design: the hardware software interface.
_bHardware software interface.
250 _a2
260 _aNew Delhi
_bMorgan Kaufmann
_c2005
300 _axvii,621,I-32
650 _aComputer Architecture/Organization
999 _c185024
_d185024